000 00306nam a2200121Ia 4500
008 191201s2014 xx 000 0 und d
100 _aGUPTA, Shashi K
245 0 _aIntroduction to Financial Services BBA 6th Sem
260 _aN. Delhi
_bKalyani
_c2014
300 _aMisc
650 _aBBA
942 _2ddc
_cBK
999 _c6210
_d6210